Normal view
MARC view
- ʻUs̲mānī, Abulfaiz̤
Entry Personal Name
001 - CONTROL NUMBER
- control field: 91365
003 - CONTROL NUMBER IDENTIFIER
- control field: NUST
005 - DATE AND TIME OF LATEST TRANSACTION
- control field: 20220509125408.0
008 - FIXED-LENGTH DATA ELEMENTS
- fixed length control field: 220509|| aca||aabn | a|a d
040 ## - CATALOGING SOURCE
- Original cataloging agency: NUST
- Transcribing agency: NUST
100 ## - HEADING--PERSONAL NAME
- Personal name: ʻUs̲mānī, Abulfaiz̤
670 ## - SOURCE DATA FOUND
- Source citation: Work cat.: (NUST)0: Omar Khayyam. 91360, Rubāʻīyāt-i ʻUmar K̲h̲ayyām :, 2001.
